| 000 | 00754nam a22002537i 4500 | ||
|---|---|---|---|
| 003 | URS | ||
| 005 | 20220117094517.0 | ||
| 008 | 160813b xxu||||| |||| 00| 0 eng d | ||
| 020 | _a9789351111719 | ||
| 040 |
_erda _cBusiness _beng |
||
| 050 | 0 | 0 |
_aHG.1710 _bK1514 2013 |
| 082 |
_aR.332.17809 _bK15e 2013 |
||
| 100 | 1 |
_aKasera, Ashutosh, _eauthor |
|
| 245 | 1 | 0 |
_aElectronic payment systems _cAshutosh Kasera |
| 264 |
_aNew Delhi _bRandom Publication _c2013 |
||
| 300 |
_a[iv], 265 pages _billustrationss _c23.7 cm. |
||
| 336 |
_atext _brdacontent |
||
| 337 |
_aunmediated _brdamedia |
||
| 338 |
_avolume _2RDACARRIER |
||
| 500 | _aIncludes index | ||
| 650 | _aElectronic funds transfer...History. | ||
| 650 | _aVISA International | ||
| 942 |
_2lcc _cFR |
||
| 999 |
_c11276 _d11276 |
||